| 000 | 00998 a2200325 4500 | ||
|---|---|---|---|
| 020 | _a0-19-511690-9 | ||
| 020 | _a0-19-511690-9 | ||
| 020 | _a0-19-511690-9 | ||
| 040 |
_aDLC _bDLC |
||
| 082 | 0 | _a621.381 | |
| 082 | 0 | _a621.381 | |
| 082 | 0 | _a621.381 | |
| 100 | 1 | _aSedra, Adel S. | |
| 245 | 1 | 0 |
_aMicroelectronic circuits / _cAdel S. Sedra, Kenneth C. Smith |
| 250 | _a4. ed. | ||
| 260 |
_aNew York : _bOxford Univ. Press, _c1998 |
||
| 300 |
_axx, 1237, [102] s. : _bill. + _e2 CD-ROM |
||
| 490 | 1 | _aOxford series in electrical engineering | |
| 500 | _aHä²´ill 2 CD-ROM | ||
| 650 | 7 | _aElectronic circuits | |
| 650 | 7 | _aMicroelectronics | |
| 650 | 7 | _aIntegrated circuits | |
| 650 | 7 |
_aMicroelectronics _9120073 |
|
| 650 | 7 |
_aMicroelectronics _9120073 |
|
| 650 | 7 |
_aElectronic circuits _9120074 |
|
| 650 | 7 |
_aIntegrated circuits _9120075 |
|
| 700 | 1 |
_aSmith, Kenneth C. _921575 |
|
| 830 | 0 |
_aHRW series in electrical and computer engineering _9103696 |
|
| 942 |
_cBK _k621.381 SED _2ddc |
||
| 999 |
_c4577 _d4577 |
||